[Event "Brasschaat op"]
[Site "Brasschaat"]
[Date "2023.08.26"]
[Round "8"]
[White "Metzdorf, Matteo"]
[Black "Schuermans, Robert"]
[Result "1/2-1/2"]
[WhiteElo "1985"]
[BlackElo "2045"]
[PlyCount "105"]
[EventDate "2023.08.18"]
[EventType "swiss"]
[EventRounds "9"]
[EventCountry "BEL"]
[SourceTitle "EXT 2024"]
[Source "ChessBase"]
[SourceDate "2023.10.10"]
[SourceVersion "1"]
[SourceVersionDate "2023.10.10"]
[SourceQuality "1"]

1. e4 e5 2. Nf3 Nc6 3. Bb5 f5 4. Nc3 fxe4 5. Nxe4 d5 6. Nxe5 dxe4 7. Nxc6 Qg5 8. Qe2 Nf6 9. f4 Qxf4 10. Ne5+ c6 11. d4 Qh4+ 12. g3 Qh3 13. Bc4 Be6 14. Bg5 Bd6 15. 0-0-0 0-0-0 16. Bxf6 gxf6 17. Bxe6+ Qxe6 18. Qc4 Qxc4 19. Nxc4 f5 20. Rhf1 Rhf8 21. Nxd6+ Rxd6 22. Rf4 Rh6 23. Rd2 Kd7 24. Rdf2 e3 25. Re2 Rh3 26. c3 Rf6 27. Kc2 Rfh6 28. Rxf5 Rxh2 29. Kd3 Rxe2 30. Kxe2 Rh2+ 31. Kxe3 Rxb2 32. Rf7+ Ke6 33. Rxh7 a5 34. a4 Rb3 35. Kd2 b5 36. Ra7 b4 37. Rxa5 Rxc3 38. Rc5 Rxg3 39. Rxc6+ Kd5 40. Rb6 Kxd4 41. Rxb4+ Kc5 42. Rh4 Kb6 43. Kc2 Ka5 44. Kb2 Rf3 45. Re4 Rh3 46. Rf4 Rg3 47. Rh4 Rf3 48. Re4 Rh3 49. Rf4 Rg3 50. Rh4 Rf3 51. Re4 Rh3 52. Rf4 Rg3 53. Rh4 1/2-1/2

[Event "Brasschaat op"]
[Site "Brasschaat"]
[Date "2023.08.20"]
[Round "2"]
[White "Moors, Marc"]
[Black "Schuermans, Robert"]
[Result "0-1"]
[WhiteElo "1787"]
[BlackElo "2045"]
[PlyCount "86"]
[EventDate "2023.08.18"]
[EventType "swiss"]
[EventRounds "9"]
[EventCountry "BEL"]
[SourceTitle "EXT 2024"]
[Source "ChessBase"]
[SourceDate "2023.10.10"]
[SourceVersion "1"]
[SourceVersionDate "2023.10.10"]
[SourceQuality "1"]

1. Nf3 Nc6 2. d4 d5 3. e3 Bg4 4. Be2 e6 5. Nbd2 Nf6 6. 0-0 Bd6 7. c4 0-0 8. b3 Re8 9. Bb2 e5 10. cxd5 Nxd5 11. dxe5 Nxe5 12. Nxe5 Bxe2 13. Qxe2 Bxe5 14. Nf3 Bxb2 15. Qxb2 Qe7 16. Rad1 c6 17. Rd4 Nf6 18. Rfd1 c5 19. R4d2 Ne4 20. Rd7 Rad8 21. Rxd8 Rxd8 22. Rxd8+ Qxd8 23. Qc2 Qd5 24. Kf1 b5 25. Ke2 a5 26. Nd2 f5 27. f3 Nd6 28. Qd3 Qc6 29. Qc3 a4 30. bxa4 bxa4 31. Qb2 c4 32. Nb1 Qd5 33. Qd2 Qe5 34. g3 Nb5 35. f4 Qe6 36. Nc3 Nxc3+ 37. Qxc3 Qc6 38. Kf2 h6 39. h3 h5 40. g4 fxg4 41. hxg4 h4 42. Kg1 h3 43. Qc2 Qg2+ 0-1

[Event "Brasschaat op 19th"]
[Site "Brasschaat"]
[Date "2019.08.19"]
[Round "3"]
[White "Schuermans, Robert"]
[Black "Grochal, Joey"]
[Result "0-1"]
[WhiteElo "1986"]
[BlackElo "2313"]
[PlyCount "56"]
[EventDate "2019.08.17"]
[EventType "swiss"]
[EventRounds "9"]
[EventCountry "BEL"]
[SourceTitle "EXT 2020"]
[Source "ChessBase"]
[SourceDate "2019.10.17"]
[SourceVersion "1"]
[SourceVersionDate "2019.10.17"]
[SourceQuality "1"]

1. e4 c5 2. Nf3 e6 3. d4 cxd4 4. Nxd4 a6 5. Nc3 Qc7 6. Bd3 b5 7. Be3 Bb7 8. f4 Nf6 9. Qf3 Bb4 10. Bd2 Nc6 11. Nb3 Be7 12. g4 b4 13. Ne2 d5 14. e5 Nd7 15. 0-0-0 a5 16. Nbd4 a4 17. Kb1 Qb6 18. Be3 Bc5 19. Bb5 b3 20. cxb3 axb3 21. a4 0-0 22. Rd3 Ndxe5 23. fxe5 Nxe5 24. Qh3 Nxd3 25. Bxd3 g6 26. Rc1 Rxa4 27. Rxc5 Rfa8 28. Nxb3 Qxb3 0-1

[Event "Charleroi op"]
[Site "Charleroi"]
[Date "2018.08.04"]
[Round "9"]
[White "Le Quang, Kim"]
[Black "Schuermans, Robert"]
[Result "1-0"]
[WhiteElo "2261"]
[BlackElo "2044"]
[PlyCount "49"]
[EventDate "2018.07.28"]
[EventType "swiss"]
[EventRounds "9"]
[EventCountry "BEL"]
[SourceTitle "CBM 185 Extra"]
[Source "ChessBase"]
[SourceDate "2018.07.29"]
[SourceVersion "1"]
[SourceVersionDate "2018.07.29"]
[SourceQuality "1"]

1. c4 Nc6 2. Nc3 e5 3. g3 Nf6 4. Bg2 Bc5 5. d3 0-0 6. Nf3 h6 7. 0-0 d6 8. a3 a5 9. e3 Bf5 10. b3 Qd7 11. Bb2 Ba7 12. d4 e4 13. Nd2 Rfe8 14. Qc2 Nxd4 15. exd4 e3 16. Nde4 exf2+ 17. Rxf2 Bxd4 18. Nxf6+ gxf6 19. Qd2 Be3 20. Nd5 Bxf2+ 21. Kxf2 Re6 22. Qxh6 Bg6 23. Bxf6 Re2+ 24. Kxe2 Qg4+ 25. Kd2 1-0

[Event "Brasschaat op 17th"]
[Site "Brasschaat"]
[Date "2017.08.20"]
[Round "2"]
[White "Van Goethem, Jozef"]
[Black "Schuermans, Robert"]
[Result "0-1"]
[WhiteElo "1830"]
[BlackElo "2172"]
[PlyCount "58"]
[EventDate "2017.08.19"]
[EventType "swiss"]
[EventRounds "9"]
[EventCountry "BEL"]
[SourceTitle "CBM 180 Extra"]
[Source "ChessBase"]
[SourceDate "2017.10.06"]
[SourceVersion "1"]
[SourceVersionDate "2017.10.06"]
[SourceQuality "1"]

1. e4 Nf6 2. e5 Nd5 3. Nf3 d6 4. exd6 cxd6 5. d4 g6 6. c4 Nf6 7. Bd2 Bg7 8. Bd3 0-0 9. 0-0 Nc6 10. Bc3 Nh5 11. d5 Ne5 12. Nxe5 dxe5 13. Re1 Qc7 14. Nd2 Nf4 15. Bf1 Bf5 16. Ne4 Rad8 17. Qf3 h5 18. h3 b5 19. b3 bxc4 20. bxc4 Bc8 21. Kh2 f5 22. d6 exd6 23. Nd2 d5 24. g3 e4 25. Qe3 d4 26. Qxf4 Qxf4 27. gxf4 dxc3 28. Nb3 Bh6 29. Kg3 h4+ 0-1

[Event "Charleroi op"]
[Site "Charleroi"]
[Date "2017.07.30"]
[Round "2"]
[White "Schuermans, Robert"]
[Black "Hamblok, Roel"]
[Result "0-1"]
[WhiteElo "2172"]
[BlackElo "2305"]
[PlyCount "54"]
[EventDate "2017.07.29"]
[EventType "swiss"]
[EventRounds "9"]
[EventCountry "BEL"]
[SourceTitle "CBM 179 Extra"]
[Source "ChessBase"]
[SourceDate "2017.08.23"]
[SourceVersion "1"]
[SourceVersionDate "2017.08.23"]
[SourceQuality "1"]

1. e4 d6 2. d4 Nf6 3. Nc3 g6 4. f4 Bg7 5. Nf3 0-0 6. Be3 b6 7. e5 Ng4 8. Bg1 c5 9. h3 Nh6 10. d5 Bb7 11. Qd2 Nf5 12. Bh2 dxe5 13. fxe5 e6 14. d6 Nd7 15. Be2 Rb8 16. 0-0-0 Bxf3 17. gxf3 Nxe5 18. d7 Qh4 19. Ne4 Rbd8 20. Bxe5 Bxe5 21. Qd3 Qf4+ 22. Kb1 Ne3 23. Rdg1 c4 24. Qd2 b5 25. h4 Nd5 26. Qa5 Rxd7 27. Qxb5 Rb8 0-1

[Event "Charleroi op"]
[Site "Charleroi"]
[Date "2016.08.05"]
[Round "8"]
[White "Schuermans, Robert"]
[Black "Sclacmender, Julien"]
[Result "1-0"]
[WhiteElo "2128"]
[BlackElo "2201"]
[PlyCount "111"]
[EventDate "2016.07.30"]
[EventType "swiss"]
[EventRounds "9"]
[EventCountry "BEL"]
[SourceTitle "CBM 173 Extra"]
[Source "ChessBase"]
[SourceDate "2016.08.29"]
[SourceVersion "1"]
[SourceVersionDate "2016.08.29"]
[SourceQuality "1"]

1. e4 c5 2. Nf3 Nc6 3. d4 cxd4 4. Nxd4 g6 5. Nc3 Bg7 6. Be3 Nf6 7. Nxc6 bxc6 8. e5 Ng8 9. Bd4 Nh6 10. e6 Bxd4 11. Qxd4 0-0 12. exd7 Qxd7 13. 0-0-0 Qxd4 14. Rxd4 Be6 15. Ba6 Nf5 16. Ra4 Nd6 17. Re1 Rfd8 18. Ne2 Kf8 19. Nf4 Bf5 20. Nd3 Bxd3 21. Bxd3 f6 22. Rh4 g5 23. Rxh7 e5 24. f3 Kg8 25. Bg6 a5 26. h4 gxh4 27. Rxh4 Kg7 28. Rg4 Kf8 29. Rh1 Ke7 30. Rh7+ Ke6 31. Bd3 Rg8 32. Rgg7 Rxg7 33. Rxg7 f5 34. Rg6+ Kd5 35. Rg5 f4 36. c3 Rh8 37. Kd2 Rh2 38. Ke2 Rh1 39. Kf2 Rd1 40. Ke2 Rh1 41. Rg7 Rg1 42. Bh7 Ke6 43. Rg6+ Ke7 44. Kd3 c5 45. Bg8 Kd7 46. Rg4 Rd1+ 47. Kc2 Rf1 48. Kb3 Rf2 49. a4 c4+ 50. Bxc4 Nxc4 51. Kxc4 Rxb2 52. Kd5 Re2 53. Rg7+ Kd8 54. c4 Ke8 55. c5 Kf8 56. Rg5 1-0

[Event "WchT Seniors 65"]
[Site "Radebeul"]
[Date "2016.07.03"]
[Round "8.2"]
[White "Schuermans, Robert"]
[Black "Karasev, Vladimir I"]
[Result "0-1"]
[WhiteElo "2128"]
[BlackElo "2347"]
[PlyCount "72"]
[EventDate "2016.06.26"]
[EventType "team-swiss"]
[EventRounds "9"]
[EventCountry "GER"]
[SourceTitle "CBM 173 Extra"]
[Source "ChessBase"]
[SourceDate "2016.08.29"]
[SourceVersion "1"]
[SourceVersionDate "2016.08.29"]
[SourceQuality "1"]
[WhiteTeam "Belgium"]
[BlackTeam "St Petersburg"]
[WhiteTeamCountry "BEL"]
[BlackTeamCountry "RUS"]

1. e4 c5 2. Nf3 e6 3. d4 cxd4 4. Nxd4 a6 5. Nc3 Qc7 6. Bd3 Nf6 7. f4 Bc5 8. Nb3 Bb4 9. Bd2 Bxc3 10. bxc3 d6 11. Qf3 e5 12. Qg3 0-0 13. fxe5 dxe5 14. 0-0 Nh5 15. Qh4 Nf4 16. Bxf4 exf4 17. Rxf4 Nc6 18. e5 h6 19. Rc4 Qb6+ 20. Kh1 Nxe5 21. Rb4 Qd8 22. Qe4 Nxd3 23. cxd3 Be6 24. c4 Re8 25. Qf3 b6 26. Rb1 Ra7 27. h3 a5 28. Rb5 Rd7 29. Qf4 Rxd3 30. Kh2 a4 31. Nc1 Rd4 32. Qg3 Rd1 33. c5 Bf5 34. cxb6 Bxb1 35. b7 Qb8 36. Rxb1 Rh1+ 0-1

[Event "Charleroi op"]
[Site "Charleroi"]
[Date "2015.08.02"]
[Round "2"]
[White "Kveinys, Aloyzas"]
[Black "Schuermans, Robert"]
[Result "1-0"]
[WhiteElo "2491"]
[BlackElo "2078"]
[PlyCount "97"]
[EventDate "2015.08.01"]
[EventType "swiss"]
[EventRounds "9"]
[EventCountry "BEL"]
[SourceTitle "CBM 167 Extra"]
[Source "ChessBase"]
[SourceDate "2015.09.14"]
[SourceVersion "1"]
[SourceVersionDate "2015.09.14"]
[SourceQuality "1"]

1. d4 d5 2. c4 Nc6 3. Nc3 dxc4 4. d5 Ne5 5. f4 Nd7 6. e4 Nb6 7. a4 e5 8. a5 Nd7 9. Nf3 Bd6 10. f5 Ngf6 11. Bxc4 0-0 12. 0-0 a6 13. Qe2 b5 14. axb6 cxb6 15. Bg5 a5 16. Kh1 Nc5 17. g4 Bd7 18. Rg1 Rb8 19. Bb5 Bxb5 20. Qxb5 Ncd7 21. Qe2 Bc5 22. Rg2 Re8 23. Nb5 Qc8 24. Na7 Qc7 25. Nc6 Ra8 26. Bd2 Nb8 27. g5 Nfd7 28. b4 Bd6 29. Rc1 Nxc6 30. Rxc6 Qb8 31. g6 fxg6 32. fxg6 axb4 33. gxh7+ Kh8 34. Nh4 Ra1+ 35. Bc1 Nf6 36. Qb2 Ra7 37. Qf2 Nxh7 38. Rxb6 Rb7 39. Rc6 Kg8 40. Nf5 Bf8 41. Rh6 Qc8 42. Bb2 Qc4 43. Rxh7 Kxh7 44. Qh4+ Kg8 45. Nh6+ Kh7 46. Ng4+ Kg8 47. Nf6+ Kf7 48. Qh5+ Kxf6 49. Rg6+ 1-0

[Event "Brasschaat op 14th"]
[Site "Brasschaat"]
[Date "2014.08.20"]
[Round "5"]
[White "Schuermans, Robert"]
[Black "Beukema, Stefan"]
[Result "0-1"]
[WhiteElo "2086"]
[BlackElo "2305"]
[PlyCount "42"]
[EventDate "2014.08.16"]
[EventType "swiss"]
[EventRounds "9"]
[EventCountry "BEL"]
[SourceTitle "CBM 161 Extra"]
[Source "ChessBase"]
[SourceDate "2014.08.29"]
[SourceVersion "1"]
[SourceVersionDate "2014.08.29"]
[SourceQuality "1"]

1. e4 e5 2. f4 exf4 3. Bc4 d5 4. Bxd5 Nf6 5. Nf3 Nxd5 6. exd5 Qxd5 7. Nc3 Qf5 8. d4 Bd6 9. Qe2+ Kd8 10. 0-0 Re8 11. Ne5 g5 12. g3 Nc6 13. Nxc6+ bxc6 14. Qg2 Rb8 15. Qxc6 Bb7 16. Qb5 Qh3 17. d5 fxg3 18. Bxg5+ Be7 19. Bxe7+ Rxe7 20. hxg3 Qxg3+ 21. Kh1 Re6 0-1

[Event "Charleroi op"]
[Site "Charleroi"]
[Date "2014.08.01"]
[Round "8"]
[White "Le Quang, Kim"]
[Black "Schuermans, Robert"]
[Result "1/2-1/2"]
[WhiteElo "2288"]
[BlackElo "2086"]
[PlyCount "113"]
[EventDate "2014.07.26"]
[EventType "swiss"]
[EventRounds "9"]
[EventCountry "BEL"]
[SourceTitle "EXT 2015"]
[Source "ChessBase"]
[SourceDate "2014.11.20"]
[SourceVersion "1"]
[SourceVersionDate "2014.11.20"]
[SourceQuality "1"]

1. b3 e5 2. Bb2 Nc6 3. e3 d5 4. Bb5 Bd6 5. f4 Qh4+ 6. g3 Qe7 7. Nf3 Bg4 8. h3 Bxf3 9. Qxf3 Nf6 10. fxe5 Bxe5 11. d4 Bd6 12. c4 Qe6 13. Nc3 Bb4 14. 0-0-0 Bxc3 15. Bxc3 0-0 16. Rhe1 Qe4 17. Qxe4 Nxe4 18. Bb2 a6 19. Ba4 Rfd8 20. g4 Na7 21. b4 dxc4 22. Bc2 Re8 23. Rf1 Nb5 24. Rf4 Nec3 25. Rdf1 Ne2+ 26. Kd2 Nxf4 27. Rxf4 c3+ 28. Bxc3 Nxc3 29. Kxc3 Rxe3+ 30. Kd2 Rxh3 31. Bb3 Rxb3 32. axb3 Re8 33. Kd3 f6 34. Rf5 Kf7 35. b5 Re6 36. Rc5 c6 37. bxa6 bxa6 38. Ra5 g6 39. b4 Rd6 40. Rxa6 Ke6 41. Ra7 h5 42. gxh5 gxh5 43. Rh7 Rd5 44. Rc7 Kd6 45. Rf7 Rf5 46. Rh7 Rg5 47. Kc4 Rb5 48. Rh6 Ke6 49. Rh7 Rg5 50. Rc7 Kd6 51. Rh7 f5 52. Rh6+ Kc7 53. d5 Rg4+ 54. Kc5 cxd5 55. Rh7+ Kb8 56. Rxh5 Rc4+ 57. Kxd5 1/2-1/2

[Event "EU-chT Seniors 15th"]
[Site "Dresden"]
[Date "2013.07.28"]
[Round "9"]
[White "Schuermans, Robert"]
[Black "Weber, Bernd"]
[Result "1-0"]
[WhiteElo "2127"]
[BlackElo "2155"]
[PlyCount "43"]
[EventDate "2013.07.20"]
[EventType "team-swiss"]
[EventRounds "9"]
[EventCountry "GER"]
[SourceTitle "CBM 155 Extra"]
[Source "ChessBase"]
[SourceDate "2013.08.26"]
[SourceVersion "1"]
[SourceVersionDate "2013.08.26"]
[SourceQuality "1"]
[WhiteTeam "Belgium"]
[BlackTeam "Leipzig"]
[WhiteTeamCountry "BEL"]
[BlackTeamCountry "GER"]

1. e4 e5 2. f4 exf4 3. Bc4 Nf6 4. Nc3 Bb4 5. Nge2 d6 6. 0-0 g5 7. d4 Nc6 8. Nd5 Nxd5 9. Bxd5 Be6 10. c3 Ba5 11. g3 Bxd5 12. exd5 Ne7 13. Qa4+ Qd7 14. Qxa5 Qg4 15. Qb5+ Kf8 16. Qd3 Ng6 17. Bd2 h5 18. Kh1 Re8 19. Rf2 Qh3 20. Ng1 Qg4 21. gxf4 gxf4 22. Raf1 1-0

[Event "EU-chT Seniors 15th"]
[Site "Dresden"]
[Date "2013.07.26"]
[Round "7"]
[White "Schuermans, Robert"]
[Black "Titorenko, Natalia I"]
[Result "0-1"]
[WhiteElo "2127"]
[BlackElo "2164"]
[PlyCount "74"]
[EventDate "2013.07.20"]
[EventType "team-swiss"]
[EventRounds "9"]
[EventCountry "GER"]
[SourceTitle "CBM 155 Extra"]
[Source "ChessBase"]
[SourceDate "2013.08.26"]
[SourceVersion "1"]
[SourceVersionDate "2013.08.26"]
[SourceQuality "1"]
[WhiteTeam "Belgium"]
[BlackTeam "Russia (W)"]
[WhiteTeamCountry "BEL"]
[BlackTeamCountry "RUS"]

1. e4 d5 2. exd5 Nf6 3. Bb5+ Nbd7 4. c4 a6 5. Bxd7+ Bxd7 6. Nf3 e6 7. Qe2 Qe7 8. dxe6 Qxe6 9. Qxe6+ Bxe6 10. b3 b5 11. Nd4 Bd7 12. 0-0 0-0-0 13. cxb5 axb5 14. Bb2 Bd6 15. Na3 c6 16. Nac2 Ng4 17. f4 h5 18. Ne3 Bb4 19. Nf3 f6 20. h3 Nh6 21. a4 Kb7 22. Bc3 Bd6 23. Nd4 Bc5 24. axb5 cxb5 25. b4 Bb6 26. Kh2 Rhe8 27. Nd5 Bc6 28. Nxb6 Kxb6 29. Nxc6 Kxc6 30. Ra6+ Kd5 31. Rf3 Nf5 32. Rd3+ Ke4 33. Rxd8 Rxd8 34. g3 Kf3 35. Ra5 Re8 36. Rxb5 Re2+ 37. Kg1 Nxg3 0-1

[Event "EU-chT Seniors 15th"]
[Site "Dresden"]
[Date "2013.07.25"]
[Round "6"]
[White "Haubt, Georg"]
[Black "Schuermans, Robert"]
[Result "0-1"]
[WhiteElo "2239"]
[BlackElo "2127"]
[PlyCount "84"]
[EventDate "2013.07.20"]
[EventType "team-swiss"]
[EventRounds "9"]
[EventCountry "GER"]
[SourceTitle "CBM 155 Extra"]
[Source "ChessBase"]
[SourceDate "2013.08.26"]
[SourceVersion "1"]
[SourceVersionDate "2013.08.26"]
[SourceQuality "1"]
[WhiteTeam "Hessen"]
[BlackTeam "Belgium"]
[WhiteTeamCountry "GER"]
[BlackTeamCountry "BEL"]

1. e4 e5 2. Nc3 Nf6 3. g3 Nc6 4. Bg2 Bc5 5. Nge2 0-0 6. 0-0 d6 7. Na4 Be6 8. c3 Bxf2+ 9. Rxf2 b5 10. d4 Ne7 11. dxe5 Ng4 12. Rf1 Nxe5 13. Bf4 N7g6 14. Nd4 Bg4 15. Qc2 bxa4 16. Qxa4 Bd7 17. Qc2 Ng4 18. Bd2 c5 19. Nf5 c4 20. Kh1 Qb6 21. Nd4 Rab8 22. b4 cxb3 23. axb3 Qc5 24. Bf3 Rfc8 25. Qa2 Qh5 26. Bxg4 Qxg4 27. Rae1 Re8 28. Bf4 Ne5 29. Qa6 Qg6 30. Rf2 Bc8 31. Qe2 Bb7 32. Bxe5 Rxe5 33. Rf4 Rbe8 34. Kg1 Rxe4 35. Rxe4 Rxe4 36. Qd2 h5 37. Rf1 h4 38. Nf5 hxg3 39. hxg3 Re5 40. Qf4 Rxf5 41. Qh4 Rxf1+ 42. Kxf1 Qf6+ 0-1

[Event "BEL-ch op"]
[Site "Antwerp"]
[Date "2013.07.09"]
[Round "4"]
[White "Carlier, Sven"]
[Black "Schuermans, Robert"]
[Result "1/2-1/2"]
[WhiteElo "1873"]
[BlackElo "2127"]
[PlyCount "82"]
[EventDate "2013.07.06"]
[EventType "swiss"]
[EventRounds "9"]
[EventCountry "BEL"]
[SourceTitle "CBM 155 Extra"]
[Source "ChessBase"]
[SourceDate "2013.08.26"]
[SourceVersion "1"]
[SourceVersionDate "2013.08.26"]
[SourceQuality "1"]

1. e4 e5 2. Nf3 Nc6 3. Bc4 Nf6 4. Ng5 Bc5 5. Nxf7 Bxf2+ 6. Kf1 Qe7 7. Nxh8 d5 8. exd5 Nd4 9. d6 Qxd6 10. c3 Bh4 11. cxd4 Qxd4 12. Bf7+ Ke7 13. Qf3 Bg4 14. Qe3 Rxh8 15. Qxd4 exd4 16. d3 Kxf7 17. g3 Bh3+ 18. Ke1 Re8+ 19. Kd2 Bg5+ 20. Kc2 Re2+ 21. Kb3 Bxc1 22. Rxc1 c6 23. a4 Rxh2 24. Kc4 Rxb2 25. Kxd4 Rg2 26. Nc3 Rxg3 27. Ne4 Nxe4 28. dxe4 Bc8 29. a5 a6 30. Kc5 Re3 31. Kb6 Rxe4 32. Kc7 Re8 33. Rf1+ Kg8 34. Rfe1 Rxe1 35. Rxe1 Bf5 36. Kxb7 Bd3 37. Kxc6 h5 38. Kd5 Kf7 39. Ke5 g5 40. Re3 Bb5 41. Kf5 g4 1/2-1/2